| 000 | 00576nam a2200193Ia 4500 | ||
|---|---|---|---|
| 008 | 180207s9999 xx 000 0 und d | ||
| 020 | _a9780736912198 | ||
| 050 | _bC266 1990 | ||
| 100 | _aCard, Michael | ||
| 245 | _aSleep sound in Jesus : | ||
| 245 | _bgentle lullabies for little ones and inspirational devotions for parents / | ||
| 245 | _cMichael Card ; illustrated by Catherine McLaughlin. | ||
| 260 | _aEugene, Oregon : | ||
| 260 | _bHarvest House Publishers, | ||
| 260 | _c1990 | ||
| 300 | _a36 pages : | ||
| 300 | _bcolor illustration ; | ||
| 300 | _c22cm. | ||
| 999 |
_c355337 _d355337 |
||